000 00664nam a2200265Ia 4500
005 20260306163521.0
008 008 260114s9999 xx 000 0 eng d
020 _a9781399503198
037 _aEBOOK
040 _aCRL
040 _beng
040 _cCRL
041 _2eng
041 _aeng
084 _qCRL
100 _aWilson
245 0 _aMedieval Syria And The Onset Of The Crusades: The Political World Of Bilad Al-sham 1050-1128
260 _bEdinburgh University Press
260 _c2024
650 _aSocial Work
856 _uhttps://academic.oup.com/book/55577
942 _cEBOOK
999 _c1710425
_d1710425